000 00686nab a2200313Ia 4500
001 1368
008 191123s9999 xx 000 0 und d
041 _aspa
044 _aag
100 _aPayró, Julio E.,
245 0 _aVictor L. Rebuffo: xilógrafo
260 _aBuenos Aires :
_b[s.n.],
_c1951.
650 _aARGENTINA
650 _aGRABADOS
650 _aREBUFFO, VICTOR L.
650 _aXILOGRAFIAS
902 _aS
903 _aa
904 _aas
907 _aImpreso
911 _ailus. b/n
912 _a1951
920 _a12, n.57
942 _cANALITICA
999 _c1105
_d1105
490 0 _aArs
550 _ailus. b/n
300 _bilus. b/n